| 000 | 00701nam a2200181 a 4500 | ||
|---|---|---|---|
| 005 | 20240509064141.0 | ||
| 008 | 991125s1977 mx 000 0 spa u | ||
| 035 | _aUPN01000024927 | ||
| 049 | _aCG | ||
| 050 | 4 |
_aLE7.2931 N2g _b1977 |
|
| 245 | 0 | 3 |
_aLa formación de los educadores y su papel como intelectuales : _blecturas : nos. 6-8, 12-15 _bnos. 6-8, 12-15 / _cUniversidad Pedagógica Nacional |
| 260 |
_aMéxico : _bUPN, _c1977. |
||
| 300 | _a1 v. (en varias paginacio | ||
| 440 | 3 | _aLa formación de los educadores y su papel como intelectuales. Lectura$v6-8, 12-15 | |
| 650 | 4 |
_aMaestros en servicio, Formación de _9390 |
|
| 710 | 2 | _aUniversidad Pedagógica Nacional (México) | |
| 905 | _aLibro | ||
| 999 |
_c24927 _d24927 |
||